Normal view MARC view
  • FARR,VAIL JOHN

Entry Personal Name

Number of records used in: 1

001 - CONTROL NUMBER

  • control field: 91171

003 - CONTROL NUMBER IDENTIFIER

  • control field: NUST

005 - DATE AND TIME OF LATEST TRANSACTION

  • control field: 20220422094105.0

008 - FIXED-LENGTH DATA ELEMENTS

  • fixed length control field: 220422|| aca||aabn | a|a d

040 ## - CATALOGING SOURCE

  • Original cataloging agency: NUST
  • Transcribing agency: NUST

100 ## - HEADING--PERSONAL NAME

  • Personal name: FARR,VAIL JOHN

670 ## - SOURCE DATA FOUND

  • Source citation: Work cat.: (NUST): FARR,VAIL JOHN., ENGINEERING ECONOMICS OF LIFE CYCLE COST ANALYSIS /, 2019.
© 2023 Central Library, National University of Sciences and Technology. All Rights Reserved.